000 00468nam a22001817a 4500
005 20260509110103.0
008 260509b |||||||| |||| 00| 0 eng d
020 _a9780521452823
_qhbk
041 _aeng
082 _a415 GOR
100 _aGorrell, Paul
245 _aSyntax and parsing
260 _aThe United States of America
_bCambridge Univesity Press
_c1995
300 _a180p. :
_c25cm
504 _aBib and Ref
650 _a Grammar
942 _cENGLISH
999 _c622894
_d622894